000 00526nam a2200121 4500
999 _c11200
_d11200
008 181017b ||||| |||| 00| 0 eng d
082 _aDPer 959.9048 P53p May 2013- April 2014 v. 22-23
245 _aMabuting pamamahala:
_blokal at pamahalaang pambansa na nagkakaisang gumagalang at tumutupad sa prinsipyo at kasunduan.
260 _aSan Miguel, Manila :
_bOP-Bureau of Communications Services,
_c©May 2013-©Apr 2014.
300 _av23 n1, pages 56-59;
_c23 cm.
650 0 _932264
_aLeadership
_xGovernment.
942 _2ddc
_cPER